Encuentro sobre la deuda externa de América Latina y el Caribe, 3

Bewaard in:
Bibliografische gegevens
Formaat: Texto
Gepubliceerd in: La Habana: Gramna
Tags: Voeg label toe
Geen labels, Wees de eerste die dit record labelt!

MARC

LEADER 00000 a a2200000 04500
001 23751
003
040
090 |a 167400  
245 |a Encuentro sobre la deuda externa de América Latina y el Caribe, 3  
260 |a La Habana:   |b Gramna  
300 |a 12 p.  
999 |c 16529  |d 16529